The intelligent man's review of Europe to-day. (Record no. 553388)

000 -LEADER
fixed length control field 00490cam a22001451 4500
082 ## - DEWEY DECIMAL CLASSIFICATION NUMBER
Classification number 940.28
Author Mark COL
100 1# - MAIN ENTRY--PERSONAL NAME
Personal name Cole, G. D. H.
9 (RLIN) 49394
245 14 - TITLE STATEMENT
Title The intelligent man's review of Europe to-day.
260 ## - PUBLICATION, DISTRIBUTION, ETC.
Place of publication, distribution, etc. London,
Name of publisher, distributor, etc. V. Gollancz, ltd.,
Date of publication, distribution, etc. 1933.
300 ## - PHYSICAL DESCRIPTION
Extent 864 p.
Other physical details incl. illus., tables, diagrs. double map.
Dimensions 19 cm.
500 ## - GENERAL NOTE
General note At head of title: G. D. H. Cole and Margaret Cole.
526 ## - STUDY PROGRAM INFORMATION NOTE
Program name 0
Interest level 0
Reading level 0
Title point value 940_280000000000000_COL
700 1# - ADDED ENTRY--PERSONAL NAME
Personal name Cole, Margaret,
9 (RLIN) 50636
942 ## - ADDED ENTRY ELEMENTS (KOHA)
Source of classification or shelving scheme
Koha item type Book
Holdings
Withdrawn status Lost status Source of classification or shelving scheme Damaged status Not for loan Permanent Location Current Location Shelving location Date acquired Total Checkouts Full call number Barcode Date last seen Price effective from Koha item type
          Military College of Engineering (MCE) Military College of Engineering (MCE)   02/09/2015   940.28 COL MCE-ECI/43 02/09/2015 02/09/2015 Book
© 2023 Central Library, National University of Sciences and Technology. All Rights Reserved.